<?xml version='1.0' encoding='UTF-8'?>
  <record xmlns="http://www.loc.gov/MARC21/slim">
    <leader>00000cem a2200000 i 4500</leader>
    <controlfield tag="001">ocn192098458</controlfield>
    <controlfield tag="003">OCoLC</controlfield>
    <controlfield tag="005">20250528190910.6</controlfield>
    <controlfield tag="007">aj aauun</controlfield>
    <controlfield tag="008">061002s1829    ne        u     0   dut d</controlfield>
    <datafield tag="040" ind1=" " ind2=" ">
      <subfield code="a">NLGGC</subfield>
      <subfield code="b">dut</subfield>
      <subfield code="e">fobidrtb</subfield>
      <subfield code="c">NLGGC</subfield>
      <subfield code="d">OCLCO</subfield>
      <subfield code="d">OCLCL</subfield>
      <subfield code="d">OCLCQ</subfield>
    </datafield>
    <datafield tag="029" ind1="0" ind2=" ">
      <subfield code="a">NLGGC</subfield>
      <subfield code="b">297349600</subfield>
    </datafield>
    <datafield tag="034" ind1="1" ind2=" ">
      <subfield code="a">a</subfield>
      <subfield code="b">4500000</subfield>
    </datafield>
    <datafield tag="035" ind1=" " ind2=" ">
      <subfield code="a">(OCoLC)192098458</subfield>
    </datafield>
    <datafield tag="045" ind1="0" ind2=" ">
      <subfield code="b">d1829</subfield>
    </datafield>
    <datafield tag="084" ind1=" " ind2=" ">
      <subfield code="a">74.21</subfield>
      <subfield code="2">bcl</subfield>
    </datafield>
    <datafield tag="245" ind1="0" ind2="0">
      <subfield code="a">Kaart van Japan :</subfield>
      <subfield code="b">behoorende tot de, door het Provinciaal Utrechtsch Genootschap bekroonde Verhandeling van R.G. Bennet en J. van Wyk Rz. /</subfield>
      <subfield code="c">R. van Wyk Jz. del.</subfield>
    </datafield>
    <datafield tag="255" ind1=" " ind2=" ">
      <subfield code="a">Schaal [ca. 1:4.500.000].</subfield>
    </datafield>
    <datafield tag="260" ind1=" " ind2=" ">
      <subfield code="a">Te Dordrecht :</subfield>
      <subfield code="b">by J. de Vos &amp; Co.,</subfield>
      <subfield code="c">[1829]</subfield>
    </datafield>
    <datafield tag="300" ind1=" " ind2=" ">
      <subfield code="a">1 kaart. :</subfield>
      <subfield code="b">lithogr. ;</subfield>
      <subfield code="c">63,5 x 45 cm.</subfield>
    </datafield>
    <datafield tag="336" ind1=" " ind2=" ">
      <subfield code="a">cartografische afbeelding</subfield>
      <subfield code="b">cri</subfield>
      <subfield code="2">rdacontent/dut</subfield>
    </datafield>
    <datafield tag="337" ind1=" " ind2=" ">
      <subfield code="a">zonder medium</subfield>
      <subfield code="b">n</subfield>
      <subfield code="2">rdamedia/dut</subfield>
    </datafield>
    <datafield tag="338" ind1=" " ind2=" ">
      <subfield code="a">vel</subfield>
      <subfield code="b">nb</subfield>
      <subfield code="2">rdacarrier/dut</subfield>
    </datafield>
    <datafield tag="510" ind1="0" ind2=" ">
      <subfield code="a">Koeman, Atlantes Neerlandici, dl. 1,</subfield>
      <subfield code="c">p. 59 (Ben 1 (8))</subfield>
    </datafield>
    <datafield tag="651" ind1=" " ind2="7">
      <subfield code="a">Japan.</subfield>
      <subfield code="2">gtt</subfield>
      <subfield code="0">(NL-LeOCL)078551439</subfield>
    </datafield>
    <datafield tag="700" ind1="1" ind2=" ">
      <subfield code="a">Bennet, Roelof Gabrie͏̈l,</subfield>
      <subfield code="d">1774-1829.</subfield>
      <subfield code="1">https://id.oclc.org/worldcat/entity/E39PBJxmHkjx3gc64pvGPqKrv3</subfield>
    </datafield>
    <datafield tag="700" ind1="1" ind2=" ">
      <subfield code="a">Wijk, Jacobus van,</subfield>
      <subfield code="c">Roelandszoon,</subfield>
      <subfield code="d">1781-1847.</subfield>
      <subfield code="1">https://id.oclc.org/worldcat/entity/E39PBJppytpRt7dTyrJBRKymVC</subfield>
    </datafield>
    <datafield tag="700" ind1="1" ind2=" ">
      <subfield code="a">Wijk, Roeland van,</subfield>
      <subfield code="c">Jacobuszoon,</subfield>
      <subfield code="d">1801-1839.</subfield>
      <subfield code="1">https://id.oclc.org/worldcat/entity/E39PCjvYPjWtH4q767yhKG9bh3</subfield>
    </datafield>
    <datafield tag="710" ind1="0" ind2=" ">
      <subfield code="a">Vos en comp., J. de (Dordrecht)</subfield>
      <subfield code="4">prt</subfield>
      <subfield code="0">(NL-LeOCL)07714189X</subfield>
    </datafield>
    <datafield tag="787" ind1="1" ind2="8">
      <subfield code="i">Inzetten:</subfield>
      <subfield code="t">[1.] Kust van het Kompagnies land, 1/2 myl van den Kruishoek, ontdekt door De Vries, 1643 (12,5 x 43 cm); [2.] Jeso [profil van het noordoosten van Jesso en Koenasjiri] (15 x 10 cm); [3.] Baai der Goede Hoop aan de Z.O. kust van Jeso door de Castricum ontdekt (10,5 x 12 cm)</subfield>
    </datafield>
    <datafield tag="787" ind1="1" ind2="8">
      <subfield code="i">Ook in:</subfield>
      <subfield code="t">Atlas, behoorende tot de Verhandeling van R.G. Bennet en J. van Wijk Roelandsz. wegens de Nederlandsche ontdekkingen, bekroond door het Provinciaal Utrechtsch Genootschap.</subfield>
      <subfield code="d">Dordrecht : J. de Vos en comp., 1829)</subfield>
    </datafield>
    <datafield tag="936" ind1=" " ind2=" ">
      <subfield code="a">BATCHLOAD</subfield>
    </datafield>
  </record>